Mahnama Adabiyat / ماہنامہ ادبیات (Urdu) / (Record no. 194155)

000 -LEADER
fixed length control field 00399 a2200145 4500
003 - CONTROL NUMBER IDENTIFIER
control field NUST
005 - DATE AND TIME OF LATEST TRANSACTION
control field 20230304145236.0
040 ## - CATALOGING SOURCE
Transcribing agency Nust
082 ## - DEWEY DECIMAL CLASSIFICATION NUMBER
Classification number 891.439,FAZ
100 ## - MAIN ENTRY--PERSONAL NAME
Personal name Faiz, Ahmed Faiz
9 (RLIN) 13462
245 ## - TITLE STATEMENT
Title Mahnama Adabiyat / ماہنامہ ادبیات (Urdu) /
Statement of responsibility, etc. Faiz Ahmed Faiz
260 ## - PUBLICATION, DISTRIBUTION, ETC.
Place of publication, distribution, etc. Islamabad
Name of publisher, distributor, etc. Akwami Adbiat Pakistani
Date of publication, distribution, etc. 2009
300 ## - PHYSICAL DESCRIPTION
Extent 312 p.
942 ## - ADDED ENTRY ELEMENTS (KOHA)
Source of classification or shelving scheme
Koha item type Book
Call number prefix 891.439,FAZ
Holdings
Withdrawn status Lost status Source of classification or shelving scheme Damaged status Not for loan Permanent Location Current Location Shelving location Date acquired Total Checkouts Full call number Barcode Date last seen Date last checked out Price effective from Koha item type Public note
          Military College of Signals (MCS) Military College of Signals (MCS) General Stacks 12/12/2016 1 891.439,FAZ MCS36213 04/08/2026 02/04/2026 12/12/2016 Book Almirah No.65, Shelf No.4
© 2023 Central Library, National University of Sciences and Technology. All Rights Reserved.